LIBRARY & INFORMATION CENTRE, KCAET, TAVANUR

ONLINE PUBLIC ACCESS CATALOGUE (OPAC)

Amar vallari aur anya kahaniyan (Record no. 17757)

MARC details
000 -LEADER
fixed length control field 00286nam a22001217a 4500
003 - CONTROL NUMBER IDENTIFIER
control field OSt
008 - FIXED-LENGTH DATA ELEMENTS--GENERAL INFORMATION
fixed length control field 231026b |||||||| |||| 00| 0 eng d
041 ## - LANGUAGE CODE
Language code of text/sound track or separate title hin
100 ## - MAIN ENTRY--AUTHOR NAME
Personal name Agyey
245 ## - TITLE STATEMENT
Title Amar vallari aur anya kahaniyan
260 ## - PUBLICATION, DISTRIBUTION, ETC. (IMPRINT)
Place of publication Banaras
Name of publisher Saraswati press
Year of publication 1954
942 ## - ADDED ENTRY ELEMENTS (KOHA)
Koha item type Books
Holdings
Withdrawn status Lost status Damaged status Home library Current library Date acquired Cost, normal purchase price Accession Number Koha item type
Withdrawn     KAUAET Sanskrit University 26/10/2023 2.00 2860 Books
free website counter